000 00966nam a2200289Ia 4500
003 GCL
008 140319s9999 xx 000 0 ara d
020 _a1028399977
040 _aGCL /
_cGCL
082 0 4 _aق
_b810.8026
_bم ح
100 1 _aمحمد السيد محمد
245 1 0 _aحوارات الصفوة :
_bعشرون شخصية فى حوارات نادرة /
_cمحمد السيد محمد
250 _aالاولى
260 _aالقاهرة :
_bأطلس للنشر والانتاج الاعلامى ،
_c2005
300 _a256 ص ؛
_c24 سم
650 0 4 _aتوفيق الحكيم
650 0 4 _aاحسان عبدالقدوس
650 0 4 _aالحوار الادبى
650 0 4 _aيوسف ادريس
650 0 4 _aانيس منصور
650 0 4 _aالحوارات الصحفية
650 0 4 _aمصطفى حسين
650 0 4 _aمفيد فوزى
650 0 4 _aبليغ حمدى
650 0 4 _aفاروق جويدة
942 _2ddc
_cBK
999 _c9371
_d9371